The United Nations Secretariat, (Record no. 89972)
[ view plain ]
| 000 -LEADER | |
|---|---|
| fixed length control field | 00985cam a22002651 4500 |
| 001 - CONTROL NUMBER | |
| control field | sd 46000048 |
| 003 - CONTROL NUMBER IDENTIFIER | |
| control field | DLC |
| 005 - DATE AND TIME OF LATEST TRANSACTION | |
| control field | 20260227112735.0 |
| 008 - FIXED-LENGTH DATA ELEMENTS--GENERAL INFORMATION | |
| fixed length control field | 940923s1946 nyu b 000 0 eng c |
| 010 ## - LIBRARY OF CONGRESS CONTROL NUMBER | |
| LC control number | sd 46000048 |
| 035 ## - SYSTEM CONTROL NUMBER | |
| System control number | (OCoLC)31164038 |
| 040 ## - CATALOGING SOURCE | |
| Original cataloging agency | U.S. Dept. of State. Libr. |
| Transcribing agency | IEN |
| Modifying agency | DLC |
| 042 ## - AUTHENTICATION CODE | |
| Authentication code | premarc |
| 050 00 - LIBRARY OF CONGRESS CALL NUMBER | |
| Classification number | D410 |
| Item number | .F65 vol. 22, no. 15 |
| 082 ## - DEWEY DECIMAL CLASSIFICATION NUMBER | |
| Classification number | 341.1 |
| 100 1# - MAIN ENTRY--PERSONAL NAME | |
| Personal name | Laves, Walter Hermann Carl, |
| Dates associated with a name | 1902- |
| 245 04 - TITLE STATEMENT | |
| Title | The United Nations Secretariat, |
| Statement of responsibility, etc. | by Walter H.C. Laves and Donald C. Stone. |
| 260 ## - PUBLICATION, DISTRIBUTION, ETC. | |
| Place of publication, distribution, etc. | New York, N.Y., |
| Name of publisher, distributor, etc. | Foreign Policy Association, Incorporated |
| Date of publication, distribution, etc. | [1946] |
| 300 ## - PHYSICAL DESCRIPTION | |
| Extent | 1 p. l., 183-191, [1] p. |
| Dimensions | 27 cm. |
| 490 0# - SERIES STATEMENT | |
| Series statement | Foreign policy reports, |
| Volume/sequential designation | vol. XXII, no. 15. October 15, 1946 |
| 500 ## - GENERAL NOTE | |
| General note | "Functions of the UN Secretariat, by Walter H.C. Laves and Donald C. Stone": p. [192] |
| 504 ## - BIBLIOGRAPHY, ETC. NOTE | |
| Bibliography, etc. note | Bibliographical foot-notes. |
| 610 20 - SUBJECT ADDED ENTRY--CORPORATE NAME | |
| Corporate name or jurisdiction name as entry element | United Nations. |
| Subordinate unit | Secretariat. |
| 700 1# - ADDED ENTRY--PERSONAL NAME | |
| Personal name | Stone, Donald Crawford, |
| Dates associated with a name | 1903- |
| Relator term | joint author. |
No items available.